=LDR 00000nam 2200000 4500 =001 INLIS000000000057995 =005 20210712103749 =035 ##$$a 0010-0721000090 =007 ta =008 210712###########################0#ind## =020 ##$$a 978-979-709-438-6 =082 ##$$a 342.02 =084 ##$$a 342.02 Fat p =245 1#$$a Potret Konstitusi Pasca Amandemen UUD 1945 /$c A.M. Fatwa =300 ##$$a ixviii, 328 halaman ; $c 21 cm =650 #4$$a Undang Undang Dasar =264 ##$$a jakarta :$b Kompas,$c 2009 =336 ##$$a teks$2 rdacontent =337 ##$$a lain-lain$2 rdamedia =338 ##$$a lain-lain$2 rdacarrier =990 ##$$a 05120512